| 000 | 00539nam a2200181Ia 4500 | ||
|---|---|---|---|
| 008 | 100917s9999 xx 000 0 und d | ||
| 082 | _b24618 | ||
| 100 | _aबोरकर कमलाकर | ||
| 245 | _aदैव जाणिले कुणी | ||
| 260 |
_bत्रदिल प्रकाशन _c1968 |
||
| 300 | _a68 | ||
| 365 | _b2.5 | ||
| 520 | _aनाटक | ||
| 630 | _aदैव जाणिले कुणी | ||
| 650 | _aनाटक | ||
| 730 | _aदैव जाणिले कुणी | ||
| 942 | _cBOOK | ||
| 999 |
_c630012 _d630009 |
||